-
BEAM, WILLIAM C. AND ADAMS, GENE M
Entry Personal Name
Number of records used in: 1
001 - CONTROL NUMBER
003 - CONTROL NUMBER IDENTIFIER
005 - DATE AND TIME OF LATEST TRANSACTION
- control field:
20240902104715.0
008 - FIXED-LENGTH DATA ELEMENTS
- fixed length control field:
240902|| aca||aabn | a|a d
040 ## - CATALOGING SOURCE
- Original cataloging agency:
JRU
- Transcribing agency:
JRU
100 ## - HEADING--PERSONAL NAME
- Personal name:
BEAM, WILLIAM C. AND ADAMS, GENE M
670 ## - SOURCE DATA FOUND
- Source citation:
Work cat.: (JRU)8623: BEAM, WILLIAM C. AND ADAMS, GENE M. , EXERCISE PHYSIOLOGY: LABORATORY MANUAL